01865nam a2200157 a 4500008004100000020001800041041000800059100002400067245009800091250001100189260004300200300002200243500013700265505129000402655001501692180306t2012 ag ||||g |||| 00| 1 spa d a9789876292412 aspa1 aEdelsztein, Valeria aCientificas.bCocinan, limpian y ganan premio Nobel (y nadie se entera) /cValeria Edelsztein a1a ed. aBuenos Aires:bSiglo Veintiuno;c2012. a224 p.c19x14 cm. aEdelsztein, V. (2012). Científicas. Cocinan, limpian y ganan premio Nobel (y nadie se entera). (1a ed.). Buenos Aires : Siglo XXI. aDetrás de toda gran ciencia, muchas veces hay una gran mujer... pero casi nadie las conoce. Para repasa ese escándalo histórico, este libro pasa revista a las más increíbles, originales e ignoradas contribuciones científicas con las mujeres a lo largo del tiempo: desde Hipatia (la primera matemática de la historia, asesinada por su sabiduría) hasta Agnódice (quien ejercía la medicina vestida de hombre en el siglo III a.C.), desde la astrónoma musulmana Fátima (cuya existencia fue considerada "un error histórico") hasta Marie Curie (a quien la Academia Francesa de las Ciencias le negó el ingreso). Pese a que durante muchísimo tiempo no les fue permitido estudiar o enseñar en la universidad, participar de instituciones científicas o simplemente aprender sobre el mundo y sus circunstancias, existieron mujeres que se las ingeniaron para dejar su huella en la ciencia. La joven investigadora argentina Valeria Edelsztein pone la lupa sobre los inventos, los descubrimientos y las innovaciones de esas damas -hijas, madres, hermanas, esposas y, sobre todo, científicas- que se animaron a desafiar convenciones y prohibiciones, y nos cuenta sus apasionantes historias. Sin ellas el mundo sería muy distinto y, sin duda, mucho más aburrido.  aLiteratura